Борьба с безумием (Запись № 7672263)

Подробности
000 -МАРКЕР
контрольное поле 01859nam2a2200337 4500
001 - ИДЕНТИФИКАТОР ЗАПИСИ
контрольное поле rc\2863350
005 - ИДЕНТИФИКАТОР ВЕРСИИ
контрольное поле 20260406133228.0
035 ## - ДРУГИЕ СИСТЕМНЫЕ НОМЕРА
Идентификатор записи (NLR Aleph) 007212208
100 ## - ДАННЫЕ ОБЩЕЙ ОБРАБОТКИ
Данные общей обработки 20110711d1932 |||y0rusy50 ca
101 1# - ЯЗЫК РЕСУРСА
Язык текста, звукозаписи и т.д. русский
Язык оригинала не определено
102 ## - СТРАНА ПУБЛИКАЦИИ ИЛИ ПРОИЗВОДСТВА
Страна публикации Российская Федерация
105 ## - ПОЛЕ КОДИРОВАННЫХ ДАННЫХ: ТЕКСТОВЫЕ МАТЕРИАЛЫ, МОНОГРАФИЧЕСКИЕ
Кодированные данные о монографическом текстовом документе y z 000zd
200 1# - ЗАГЛАВИЕ И СВЕДЕНИЯ ОБ ОТВЕТСТВЕННОСТИ
Основное заглавие Борьба с безумием
Сведения, относящиеся к заглавию Гельдерлин, Клейст, Ницше
Первые сведения об ответственности перевод П. С. и С. И. Бернштейн
Последующие сведения об ответственности предисловие А. В. Луначарского
210 ## - ПУБЛИКАЦИЯ, РАСПРОСТРАНЕНИЕ И ДР.
Дата издания, распространения и т.д. 1932
215 ## - ФИЗИЧЕСКАЯ ХАРАКТЕРИСТИКА
Специфическое обозначение материала и объем 290, [2] с.
225 1# - СЕРИЯ
Основное заглавие серии Строители мира
461 #0 - УРОВЕНЬ НАБОРА
Встроенное поле 001rc\2863338
-- 2001#$aСобрание сочинений Стефана Цвейга$e[перевод]$fс предисловием М. Горького и критико-биографическим очерком Рихарда Шпехта$g[обложка работы М. А. Кирнарского]$vТ. 10
-- 700#1$aЦвейг$bС.$f1881-1942$gСтефан$3RU\NLR\AUTH\7714958
702 #1 - ИМЯ ЛИЦА - ВТОРИЧНАЯ ОТВЕТСТВЕННОСТЬ
Код отношения Объект посвящения
Материалы, к которым относится поле rus
Графика поля Кириллица
Начальный элемент ввода Гельдерлин
Часть имени, кроме начального элемента ввода Ф.
Даты 1770-1843
Расширение инициалов личного имени Фридрих
Идентификатор авторитетной/нормативной записи RU\NLR\AUTH\7712329
Системный номер авторитетной/нормативной записи 122051
702 #1 - ИМЯ ЛИЦА - ВТОРИЧНАЯ ОТВЕТСТВЕННОСТЬ
Код отношения Объект посвящения
Материалы, к которым относится поле rus
Графика поля Кириллица
Начальный элемент ввода Клейст
Часть имени, кроме начального элемента ввода Г. фон
Даты 1777 - 1811
Расширение инициалов личного имени Генрих фон
Идентификатор авторитетной/нормативной записи RU\NLR\AUTH\7710506
Системный номер авторитетной/нормативной записи 120275
702 #1 - ИМЯ ЛИЦА - ВТОРИЧНАЯ ОТВЕТСТВЕННОСТЬ
Код отношения Объект посвящения
Материалы, к которым относится поле rus
Графика поля Кириллица
Начальный элемент ввода Ницше
Часть имени, кроме начального элемента ввода Ф. В.
Даты 1844-1900
Расширение инициалов личного имени Фридрих Вильгельм
Идентификатор авторитетной/нормативной записи RU\NLR\AUTH\772013
Системный номер авторитетной/нормативной записи 112030
702 #1 - ИМЯ ЛИЦА - ВТОРИЧНАЯ ОТВЕТСТВЕННОСТЬ
Код отношения Автор введения, предисловия, примечания и т.п.
Материалы, к которым относится поле rus
Графика поля Кириллица
Начальный элемент ввода Луначарский
Часть имени, кроме начального элемента ввода А.В.
Даты 1875-1933
Расширение инициалов личного имени Анатолий Васильевич
Идентификатор авторитетной/нормативной записи RU\NLR\AUTH\7717504
Системный номер авторитетной/нормативной записи 591
702 #1 - ИМЯ ЛИЦА - ВТОРИЧНАЯ ОТВЕТСТВЕННОСТЬ
Код отношения Переводчик
Начальный элемент ввода Бернштейн
Часть имени, кроме начального элемента ввода С. И.
Даты 1892-1970
Расширение инициалов личного имени Сергей Игнатьевич
Системный номер авторитетной/нормативной записи 143430
Идентификатор авторитетной/нормативной записи RU\NLR\AUTH\770143466
801 #0 - ИСТОЧНИК ЗАПИСИ
Страна Российская Федерация
Организация NLR
Правила каталогизации psbo
801 #1 - ИСТОЧНИК ЗАПИСИ
Страна Российская Федерация
Организация ELAR
Источник данных rusmarc
852 ## - МЕСТОНАХОЖДЕНИЕ И ШИФР ХРАНЕНИЯ
Идентификатор организации NLR
Шифр хранения (Call Number) 31-15/372(10)
852 ## - МЕСТОНАХОЖДЕНИЕ И ШИФР ХРАНЕНИЯ
Идентификатор организации NLR
Шифр хранения (Call Number) Л60 В-3/803(10)
852 ## - МЕСТОНАХОЖДЕНИЕ И ШИФР ХРАНЕНИЯ
Идентификатор организации NLR
Наименование фонда или коллекции (Sub-Location Identifier) Мф
Шифр хранения (Call Number) К1/970(10)
942 ## - ДОПОЛНИТЕЛЬНЫЕ ЭЛЕМЕНТЫ ЗАПИСИ (АБИС)
Тип экземпляра АБИС Книга
980 ## - КОЛЛЕКЦИЯ
Название коллекции Национальная библиография
Экземпляры
Тип экземпляра Дата поступления Библиотека постоянного хранения Библиотека текущего хранения Место хранения Шифр хранения Штрих-код Статус экземпляра
Книга 26.10.2013 РНБ (Московский) РНБ (Московский) Фонд микроформ Мф К1/970(10) 7212208-30  
Книга 26.10.2013 РНБ (Садовая) РНБ (Садовая) Русский книжный фонд -Главное здание, Ленинский читальный зал 31-15/372(10) 7212208-10  
Книга 26.10.2013 РНБ (Садовая) РНБ (Садовая) Русский книжный фонд -Главное здание, Ленинский читальный зал Л60 В-3/803(10) 7212208-20